000 00688nam a22002177a 4500
003 OSt
005 20181019105155.0
008 181019b xxu||||| |||| 00| 0 fre d
040 _aLB-BrCRDP
082 _a155.413 P579e
100 _aJean Piaget
245 _aEpistémologie et psychologie de l'identité
260 _aParis
_b Presses universitaires de France
_c1968
300 _a208p
_c22cm
490 _aBibliothèque scientifique internationale.; Etudes d'épistémologie génétique, 24.
630 _aConservation (Psychology)
630 _a Identity (Philosophical concept)
630 _aChild development.
700 _aHermine Sinclair et Vinh Bang
942 _2ddc
_cBK
999 _c21950
_d21950